Statistics for Countries With the Most Public Mass Shooting Deaths

Click here to take the quiz!

General Stats

  • This quiz has been taken 54 times
  • The average score is 6 of 15

Answer Stats

# of Deaths per
Million People
Country% Correct
0.089United States
96%
0.347France
63%
0.023Germany
60%
0.032Canada
58%
1.888Norway
56%
0.051Netherlands
44%
0.128Belgium
40%
0.068Austria
33%
0.132Finland
33%
0.381Serbia
27%
0.142Switzerland
25%
0.123Czech Republic
21%
0.185Slovakia
17%
0.206Albania
15%
0.337North Macedonia
8%

Score Distribution

Percentile by Number Answered

Percent of People with Each Score

Your Score History

You have not taken this quiz